| 000 | 00552nam a22001697a 4500 | ||
|---|---|---|---|
| 005 | 20251108172004.0 | ||
| 008 | 250721s2004 xx 000 0 ara d | ||
| 082 | 1 | 4 | _aم/218.9/عزا |
| 100 | 1 | _aالغزالي، أبو حامد محمد بن محمد | |
| 245 | 1 | 0 | _aمكاشفة القلوب في معاملة حضرة كلام العيوب / |
| 264 | 1 |
_aدمشق : _bدار المحبة للنشر، _c2004. |
|
| 300 | _a577ص | ||
| 650 | 1 | 7 | _aالصوفية |
| 700 | 1 |
_aعسكر، يحيى _eتحقيق |
|
| 942 |
_2ddc _cREF |
||
| 999 |
_c67648 _d67648 |
||